| 000 | 02373cam a22002054a 4500 | ||
|---|---|---|---|
| 005 | 20250605164208.0 | ||
| 008 | 250528s ||||||||||||||||||||||||d | ||
| 035 | _a20117 | ||
| 020 | _a9607461452 | ||
| 040 |
_aGR-AtMCL _bgre _dGR-AtMCL _eAACR2 |
||
| 245 | 1 | _aΘεραπευτικές Ασκήσεις / Βασικές Αρχές και Τεχνικές | |
| 260 |
_bΙατρικές Εκδόσεις Σιώκης, _c2003 |
||
| 300 | _a852 | ||
| 520 | _aΤο βιβλίο στοχεύει στον σχεδιασμό δημιουργικών και κατάλληλων προγραμμάτων θεραπευτικής άσκησης. Γενικές Αρχές και Τεχνικές, Εισαγωγή στη Θεραπευτική Άσκηση, Εύρος Κίνησης, Άσκηση με Αντίσταση, Αρχές της Αερόβιας Άσκησης, Διαστάσεις, Αρθρική Κινητοποίηση Περιφερικών Αρθώσεων, Εφαρμογή των Τεχνικών Θεραπευτικής Άσκησης σε Περιοχές του Σώματος, Αρχές Θεραπείας Μαλακών Ιστών και Οστών και Μετεγχειρητικών Προβλημάτων, Ώμος και Ωμική Ζώνη, Το Σύμπλεγμα Αγκώνα - Αντιβραχίου, Ο Καρπός και το Χέρι, Το Ισχίο, Το Γόνατο, Η Ποδοκνημική και το Πόδι, Σπονδυλική Στήλη: Οξέα Προβλήματα, Σπονδυλική Στήλη: Υποξέα Χρόνια Προβλήματα και Προβλήματα Στάσης, Σπονδυλική Στήλη: Διαδικασίες Έλξης, Ειδικές Εφαρμογές της Θεραπευτικής Άσκησης, Βασικές Αρχές Άσκησης σε Έγκυο Ασθενή, Αντιμετώπιση των Αγγειακών Παθήσεων των Άκρων, Φυσιοθεραπεία του Θώρακα, Αντιμετώπιση Αποφρακτικών και Περιοπιστικών Αναπνευστικών Νοσημάτων, Κριτική Ανάλυση Προγραμμάτων Άσκησης, Γλωσσάρι, Ευρετήριο. | ||
| 700 | 1 |
_aColby Lynn Allen _95794 |
|
| 700 | 1 |
_aKisner Carolyn _95795 |
|
| 942 | _cBK | ||
| 999 |
_c5256 _d5256 |
||